00529 2200181 4500001002100000005001500021035002000036007000300056008004100059082001600100100001700116245006100133250002000194260006800214300003100282700001500313856001900328INLIS00000000000001120250710104409 a0010-0725000011ta250710 a 0 ind  a398.209 5980 aFry,Micheele1 aRumah Untuk Tikus :btidak ada anak judul /cMichele Fry acetakan pertama aJakarta Timur :bBadan Pengembangan dan Pembinaan Bahasa,c2022 a24 hlm. :bilus. ;c22,9cm0 aAmy Uzzell atbm as-syuhada